000 00473nam a2200157 a 4500
001 000031397
005 20200930062912.0
008 110620s1949 dr 000 | spa d
040 _aDO-SdBNP
_bspa
_cBNPHU
082 _axxx
_bM971t
100 1 _aMuñoz, Emilio Antonio,
_d1927-
_957813
245 1 0 _aTristeza :
_bprosas y poemas /
_cEmilio A. Muñoz.
260 _aCiudad Trujillo, República Dominicana :
_bArte y Cine,
_c1949.
300 _a43 p. ;
_c19 cm.
049 _aBNPD
999 _c30889
_d30889